Boo-keeping and Accounts. (Record no. 1441)

MARC details
005 - DATE AND TIME OF LATEST TRANSACTION
control field 20250415102628.0
020 ## - INTERNATIONAL STANDARD BOOK NUMBER
International Standard Book Number 978-0-273-68548-7
082 ## - DEWEY DECIMAL CLASSIFICATION NUMBER
Classification number 657 .2 WOO
100 ## - MAIN ENTRY--PERSONAL NAME
Author name WOODS , F.
245 ## - TITLE STATEMENT
Title Boo-keeping and Accounts.
250 ## - EDITION STATEMENT
Edition statement 6th Ed.
260 ## - PUBLICATION, DISTRIBUTION, ETC.
Place of publication, distribution, etc. New York,
Name of publisher, distributor, etc. Prentice Hall,
Date of publication, distribution, etc. 2004.
300 ## - PHYSICAL DESCRIPTION
Extent viii,575p.: Ill.;figure
Other physical details Index
Dimensions 24cm.
700 ## - ADDED ENTRY--PERSONAL NAME
Other authors/Editors ROBINSON, S.
856 ## - ELECTRONIC LOCATION AND ACCESS
Link text Access Online Book
Electronic name Book-keeping
Path www.booksites.net/wood
942 ## - ADDED ENTRY ELEMENTS (KOHA)
Source of classification or shelving scheme Dewey Decimal Classification
Koha item type Books
Holdings
Date last seen Total checkouts Full call number Barcode Cost, replacement price Price effective from Koha item type Lost status Source of classification or shelving scheme Damaged status Not for loan Withdrawn status Home library Current library Shelving location Date acquired Cost, normal purchase price
04/15/2025   657. 2 WOO 0000005457 67800.00 04/15/2025 Books   Dewey Decimal Classification       College of Business Education Main Library College of Business Education Main Library General Collection 04/15/2025 22600.00